| 000 | 00716cab a2200229 4500 | ||
|---|---|---|---|
| 001 | WB3223-34 | ||
| 008 | 090401t1996 xxu||||| |||| 00| 0 eng d | ||
| 035 | _a(Sirsi) u27745 | ||
| 041 | _aeng | ||
| 245 | _aEstate agent cleared | ||
| 260 | _c1996 | ||
| 350 | _a0 | ||
| 490 |
_aDaily Telegraph _v11 June 1996, 3 |
||
| 520 | _aEstate agent Halifax Property Services has been cleared of deliberately making claims that a house it was selling was double glazed. | ||
| 650 | _aDISCLAIMERS | ||
| 650 | _aDOUBLE GLAZING | ||
| 650 | _aMISLEADING STATEMENTS | ||
| 650 | _aPROPERTY MISDESCRIPTIONS ACT 1991 | ||
| 690 | _aMANAGEMENT-BUSINESS MANAGEMENT-PROFESSIONAL PRACTICE | ||
| 942 | _n0 | ||
| 948 | _c04/03/1997 | ||
| 999 |
_c18690 _d18690 |
||